Transaction Risk a Legal Guide to Contractual Management Strategies /

Detalles Bibliográficos
Autor principal: Spjut, Robert J.
Formato: eBook
Lenguaje:inglés
Publicado: Chicago: American Bar Association, 2018
Materias:
Acceso en línea:Acceso restringido

MARC

LEADER 00000nam a22000007a 4500
005 20210301210134.0
007 cr|||| ||||
008 210301s2018 us |||||s|||| 00||0 eng d
020 |a 9781641051910 
035 |a 33084 
040 |a vLex 
090 |c 11318  |d 11318 
100 1 |a Spjut, Robert J. 
245 1 0 |a Transaction Risk  |h [Recurso electrn̤ico] :  |b a Legal Guide to Contractual Management Strategies /  |c Robert J. Spjut 
256 |a Servicio en ln̕ea 
260 |a Chicago:  |b American Bar Association,  |c 2018 
300 |a 1 recurso electrn̤ico 
506 1 |a Disponible solo en los productos indicados  |d vLex Global  |d vLex Global (Academic Edition, excluding Law Schools)  |d vLex Global (Academic Edition, Law Schools) 
650 0 4 |a Derecho Mercantil y de la Empresa  |z Estados Unidos 
740 0 |a vLex Libros (Servicio en ln̕ea) 
856 4 0 |u http://vlex.com/source/transaction-risk-legal-guide-contractual-management-strategies-33084  |z Acceso restringido 
942 |c BOOK 
999 0 |a Commercial and Company Law